000 00785nam a22002417a 4500
003 BUBTL
008 221214b ||||| |||| 00| 0 eng d
020 _a9780134014180
082 _a428.2/ K833u/ 2016
100 _95077
_aKolln, Martha
245 _aUnderstanding English Grammar/
_cMartha Kolln, Loretta Gray, Joseph Salvatore
250 _a10th Edn.
260 _aBoston:
_bPearson,
_cc2016
300 _axiv, 418 p.:
_c25 cm.
500 _aIncludes Index
505 _aUnderstanding English Grammar, English Grammar, English, Martha Kolln, Loretta Gray, Joseph Salvatore
650 0 _9194
_aEnglish Language
700 _95078
_aGray, Loretta
700 _95079
_aSalvatore, Joseph
856 _k0
_l0
_yDownload
942 _2ddc
_cBK
999 _c6877
_d6877